| 000 | 00694cam a2200145 4500500 | ||
|---|---|---|---|
| 005 | 20260208020848.0 | ||
| 041 | _afre | ||
| 042 | _adc | ||
| 100 | 1 | 0 |
_aMoureau, François _eauthor |
| 245 | 0 | 0 | _aLire Rimbaud : Approches critiques. Hommages à James R. Lawler. Préface d’YVES BONNEFOY. Textes réunis par PAUL PERRON et SERGIO VILLANI. Toronto, Canadian Scholars’Press Inc., 2000. Un vol. 15 × 22,5 de XVI-328 p. |
| 260 | _c2003. | ||
| 500 | _a71 | ||
| 786 | 0 | _nRevue d'histoire littéraire de la France | 103 | 1 | 2003-03-01 | p. 193j-239j | 0035-2411 | |
| 856 | 4 | 1 | _uhttps://shs.cairn.info/revue-d-histoire-litteraire-de-la-france-2003-1-page-193j?lang=fr&redirect-ssocas=7080 |
| 999 |
_c1661085 _d1661085 |
||